Harcourt science (Record no. 40775)

MARC details
000 -LEADER
fixed length control field 00392nam a2200169Ia 4500
020 ## - INTERNATIONAL STANDARD BOOK NUMBER
ISBN 0-15-311209-3
050 ## - CALL MARK
Classification number Q 181 .M/
100 ## - STATEMENT OF RESPONSIBILITY--MAIN AUTHOR NAME
Personal name Frank, Marjorie Slavick
245 #0 - TITLE STATEMENT
Title Harcourt science
260 ## - PUBLICATION, DISTRIBUTION, ETC. (IMPRINT)
Place of publication Orlando
260 ## - PUBLICATION, DISTRIBUTION, ETC. (IMPRINT)
Name of publisher Harcourt School Pub.
260 ## - PUBLICATION, DISTRIBUTION, ETC. (IMPRINT)
Year of publication c2000
650 ## - SUBJECT ADDED ENTRY--TOPICAL TERM
Topical Term Orlando
942 ## - ADDED ENTRY ELEMENTS (KOHA)
Koha item type Books
Holdings
Withdrawn status Lost status Damaged status Not for loan Permanent Location Current Location Shelving location Date acquired Accession Number Price effective from Koha item type
        NILE UNIVERSITY OF NIGERIA - MAIN LIBRARY NILE UNIVERSITY OF NIGERIA - MAIN LIBRARY Items on shelf 06/03/2025 0007059 06/03/2025 Books
        NILE UNIVERSITY OF NIGERIA - MAIN LIBRARY NILE UNIVERSITY OF NIGERIA - MAIN LIBRARY Items on shelf 06/03/2025 0007060 06/03/2025 Books